Bytový dom

Salvato in:
Dettagli Bibliografici
Autore principale: Kostelanský, Michal (Autore)
Altri autori: Franek, Michal (Relatore della tesi)
Natura: Manoscritto Libro
Lingua:slovacco
Pubblicazione: 2018
Soggetti:
Accesso online:http://is.stuba.sk/zp/portal_zp.pl?podrobnosti=142816
https://opac.crzp.sk/?fn=detailBiblioForm&sid=CB745B58B0F7E53C005BCB6F3E25
Tags: Aggiungi Tag
Nessun Tag, puoi essere il primo ad aggiungerne!!

MARC

LEADER 00000ntm a22000003a 4500
001 stuzp68014
003 SK-STU
005 20230623110736.5
007 ta
008 150427s2015----xo-----f-mn---000-0-slo-d
040 |a STU  |b slo 
041 0 |a slo 
100 1 |a Kostelanský, Michal  |u 010180  |4 aut  |U SvF Stavebná fakulta  |T SvF Katedra konštrukcií pozemných stavieb  |X 55167  |U V180  |Y 18  |7 55167 
242 0 1 |a Apartment building  |y eng 
245 1 0 |a Bytový dom 
260 |c 2018 
650 4 |a bytového komplexu  |2 slo 
650 4 |a polyfunkčných priestorov  |2 slo 
650 4 |a bielej vani  |2 slo 
650 4 |a residential unit  |2 eng 
650 4 |a space for rent  |2 eng 
650 4 |a white tube  |2 eng 
700 1 |a Franek, Michal  |u 010180  |k Z1  |4 ths  |U SvF Stavebná fakulta  |T SvF Katedra konštrukcií pozemných stavieb  |X 49000  |U V180  |Y 18  |7 A000049000 
856 4 |u http://is.stuba.sk/zp/portal_zp.pl?podrobnosti=142816 
856 4 |u https://opac.crzp.sk/?fn=detailBiblioForm&sid=CB745B58B0F7E53C005BCB6F3E25